000 00460nam a2200181Ia 4500
001 2476
005 20260306144810.0
008 260306t2002||||xx |||||||||||||| ||spa||
041 _aESP
082 _a616.891
_bF81C
100 _aFrankl, Viktor E.
_eAUT
245 0 _aLa voluntad de sentido:
_bconferencias escogidas sobre logoterapia
260 _c2002
300 _a300 páginas :
_c22 cm.
650 _aGEN
654 _aCPS
942 _cLIB
_dJUS
_fJUS
_2ddc
_n
999 _c2476
_d2476